Państwa azjatyckie mówiące w tych językach - Statystyki

Ogólne statystyki
  • Ten quiz został rozwiązany 318 razy
    265 od ostatniego zresetowania
  • Średni wynik to 27 z 35
Statystyki odpowiedzi
Państwo % Poprawnych
Arabia Saudyjska
93%
Chiny
93%
Iran
92%
Irak
91%
Turcja
91%
Korea Południowa
90%
Korea Północna
89%
Kazachstan
88%
Rosja
88%
Jemen
86%
Katar
86%
Oman
86%
Malezja
83%
Malezja
83%
Syria
83%
Zjednoczone Emiraty Arabskie
83%
Indie
81%
Bahrajn
78%
Afganistan
77%
Indonezja
77%
Jordania
75%
Kuwejt
75%
Pakistan
75%
Liban
73%
Singapur
73%
Singapur
73%
Singapur
73%
Kirgistan
70%
Tajwan
69%
Filipiny
64%
Tadżykistan
63%
Brunei
61%
Brunei
61%
Timor Wschodni
59%
Cypr
57%
Nie znaleziono quizów pasujących do podanych kryteriów
Rozkład punktacji
Procent ludzi z każdym wynikiem
Percentyl według liczby udzielonych odpowiedzi
Twoja historia wyników
Nie rozwiązałeś tego quizu od ostatniego zresetowania